[Event "10th LCC FIDE Open 2018"]
[Site "London"]
[Date "2018.12.15"]
[Round "7"]
[White "Bates, Richard A"]
[Black "Lim, Zhuo Ren"]
[Result "1-0"]
[WhiteElo "2372"]
[BlackElo "2184"]
[Annotator "ChessBase"]
[PlyCount "61"]
[EventDate "2018.12.09"]
[EventType "swiss"]
[EventCountry "ENG"]
[SourceTitle "playchess.com"]
[Source "ChessBase"]
[SourceQuality "1"]
[TimeControl "40/5400+30:1800+30"]

1. d4 {[%emt 0:00:00]} Nf6 {[%emt 0:18:53]} 2. Nf3 {[%emt 0:00:00]} d5 {[%emt 0:00:16]} 3. c4 {[%emt 0:00:05]} e6 {[%emt 0:00:13]} 4. g3 {[%emt 0:01:14]} Be7 {[%emt 0:00:21]} 5. Bg2 {[%emt 0:00:06]} O-O {[%emt 0:00:08]} 6. O-O {[%emt 0:00:13]} dxc4 {[%emt 0:00:22]} 7. Qc2 {[%emt 0:00:21]} a6 {[%emt 0:00:15]} 8. a4 {[%emt 0:00:27]} Bd7 {[%emt 0:00:06]} 9. Bg5 {[%emt 0:04:40]} Bc6 {[%emt 0:00:56]} 10. Nc3 {[%emt 0:00:08]} Bxf3 {[%emt 0:03:08]} 11. Bxf3 {[%emt 0:00:16]} Nc6 {[%emt 0:00:03]} 12. Bxc6 {[%emt 0:06:35]} bxc6 {[%emt 0:00:04]} 13. e3 {[%emt 0:00:07]} Rb8 {[%emt 0:02:17]} 14. a5 {[%emt 0:07:16]} Ne8 {[%emt 0:01:28]} 15. Bxe7 {[%emt 0:01:03]} Qxe7 {[%emt 0:00:06]} 16. Ne4 {[%emt 0:01:13]} Nd6 {[%emt 0:00:06]} 17. Nc5 {[%emt 0:07:34]} Rb5 {[%emt 0:01:03]} 18. Nxa6 {[%emt 0:09:18]} Ra8 {[%emt 0:00:05]} 19. Nc5 {[%emt 0:00:21]} Rbxa5 {[%emt 0:00:18]} 20. Rxa5 {[%emt 0:00:20]} Rxa5 {[%emt 0:00:06]} 21. b3 {[%emt 0:01:20]} cxb3 {[%emt 0:00:22]} 22. Nxb3 {[%emt 0:01:11]} Rb5 {[%emt 0:00:46]} 23. Ra1 {[%emt 0:02:22]} g6 {[%emt 0:02:55]} 24. Ra8+ {[%emt 0:09:28]} Kg7 {[%emt 0:00:07]} 25. Na5 {[%emt 0:00:10]} c5 {[%emt 0:03:15]} 26. dxc5 {[%emt 0:06:55]} Qf6 {[%emt 0:01:43]} 27. Nb3 {[%emt 0:01:08]} Ne4 {[%emt 0:00:31]} 28. Nd4 {[%emt 0:05:44]} Rb1+ {[%emt 0:10:20]} 29. Kg2 {[%emt 0:08:40]} Rb4 {[%emt 0:00:23]} 30. Qxe4 {[%emt 0:00:43]} e5 {[%emt 0:00:06]} 31. Qf3 {[%emt 0:02:58]} 1-0

[Event "10th LCC FIDE Open 2018"]
[Site "London"]
[Date "2018.12.15"]
[Round "7"]
[White "Megalios, Konstantinos"]
[Black "Janik, Igor"]
[Result "1-0"]
[WhiteElo "2365"]
[BlackElo "2476"]
[Annotator "TA"]
[PlyCount "113"]
[EventDate "2018.12.09"]
[EventType "swiss"]
[EventCountry "ENG"]
[SourceTitle "playchess.com"]
[Source "ChessBase"]
[SourceQuality "1"]

{[%evp 9,113,69,87,82,91,91,91,98,93,85,87,78,81,67,83,71,88,78,95,81,92,83,80,61,87,65,81,50,84,81,126,132,137,121,133,104,114,103,101,101,93,84,194,203,188,176,248,220,214,180,279,237,304,266,271,258,410,413,416,416,421,404,412,406,496,510,472,398,452,442,474,460,500,270,276,250,317,317,313,310,302,295,308,296,501,498,428,420,544,527,29980,29981,29980,29982,29982,29983,29983,29984,29984,29985,29956,10191,7688,7688,5708,5667]} 1. d4 d6 2. e4 Nf6 3. f3 e6 (3... e5 4. dxe5 dxe5 5. Qxd8+ Kxd8 6. Bc4 Ke8 7. Ne2 Bc5 8. Bd2 Nbd7 9. Nc1 Ke7 10. a4 a5 11. Nb3 Bb6 12. Bc3 Ne8 13. Na3 Nd6 14. O-O-O f6 {1-0 (43) Vallejo Pons,F (2707)-Onischuk,V (2637) Riadh 2017}) 4. Be3 c5 5. dxc5 dxc5 $146 {[#]} ({Predecessor:} 5... Qa5+ 6. Qd2 Qxd2+ 7. Nxd2 dxc5 8. O-O-O Nc6 9. Nc4 Nd7 10. Nd6+ Bxd6 11. Rxd6 {1-0 (43) Geirnaert,S (2436)-Vandenbussche,T (2381) Belgium 2017}) 6. Qxd8+ $1 {B07: Pirc Defence: Miscellaneous Systems} Kxd8 7. Nh3 Nfd7 8. a4 {White is better.} Nc6 9. Na3 Be7 10. Be2 a6 11. Nc4 b6 12. Kf2 Kc7 13. Rhd1 h6 14. Bf4+ e5 15. Bg3 f6 16. Kf1 h5 17. Be1 Nf8 18. Nf2 {[%cal Bh3f2,Bf2d3,Bd3c5][%mdl 32]} g5 19. Ne3 Ng6 20. Nd5+ Kb7 21. a5 b5 22. Nxe7 Ngxe7 23. Nd3 c4 24. Nc5+ Kc7 25. Bf2 g4 (25... Rd8 $16) 26. b3 $18 gxf3 27. Bxf3 c3 (27... Nd4 $142 28. Bxd4 exd4) 28. b4 Nxb4 29. Ra3 Nec6 (29... Rd8 $142) 30. Rxc3 Rd8 31. Nd3 Kb7 32. Bb6 (32. Bxh5 Nxd3 33. Rcxd3 (33. Rdxd3 Be6 $16) 33... Rh8 $16) 32... Rxd3 (32... Nxd3 $142 33. Bxd8 (33. cxd3 Rd6 $16) (33. Rcxd3 Rxd3 34. Rxd3 Nb4 $16) 33... Nb2) 33. cxd3 {[%cal Bc2d3,Bd3d4,Bd4d5][%mdl 32]} Be6 34. d4 Bc4+ 35. Kf2 Na2 36. Re3 Rh8 37. d5 Nb8 38. Be2 Bxe2 39. Kxe2 ({Weaker is} 39. Rxe2 Nc3 $18) 39... Nd7 40. Ra3 Nb4 41. Rb1 Nxb6 42. Rxb4 {[%mdl 4096] Endgame KRR-KRN} Nc4 43. Rg3 Nxa5 44. Rb1 Nc4 45. Rf1 Rh6 46. Rg7+ Kb8 $2 {[#]} (46... Kb6 {was worth a try.} 47. Rf7 Nd6 48. R7xf6 Rxf6 49. Rxf6 Kc5) 47. Rf7 Rg6 48. R1xf6 Rxg2+ 49. Kf3 Ra2 50. Rh6 {[%cal Rh6h8]} Nd2+ 51. Ke3 {[%cal Rh6h8]} Nc4+ 52. Kd3 {[%cal Rh6h8]} Nb2+ 53. Kc3 {[%cal Rh6h8]} Na4+ 54. Kb4 {[%cal Rh6h8]} Rc2 55. Ka5 (55. Rxa6 $142 Ra2 56. Re6 Rc2 57. d6 Rc8 58. Rxe5 Nb6 59. Rxb5 Rc6 60. Ka5) 55... Rc7 56. Rxc7 Kxc7 57. Rxa6 {Accuracy: White = 70%, Black = 52%.} 1-0

[Event "10th LCC FIDE Open 2018"]
[Site "London"]
[Date "2018.12.15"]
[Round "7"]
[White "Lane, Gary W"]
[Black "McClement, Andrew"]
[Result "1-0"]
[WhiteElo "2353"]
[BlackElo "2182"]
[Annotator "NA"]
[PlyCount "97"]
[EventDate "2018.12.09"]
[EventType "swiss"]
[EventCountry "ENG"]
[SourceTitle "playchess.com"]
[Source "ChessBase"]
[SourceQuality "1"]
[TimeControl "40/5400+30:1800+30"]

1. e4 {[%emt 0:00:00]} c5 {[%emt 0:00:00]} 2. Nf3 {[%emt 0:00:00]} d6 {[%emt 0:00:05]} 3. d4 {[%emt 0:01:08]} cxd4 {[%emt 0:00:07]} 4. Qxd4 {[%emt 0:00:09]} Nc6 {[%emt 0:00:05]} 5. Bb5 {[%emt 0:00:05]} Bd7 {[%emt 0:00:06]} 6. Qd3 {[%emt 0:00:03] LiveBook: 263 Games} Nf6 {[%emt 0:01:20]} 7. c4 {[%emt 0:00:34] B53: Sicilian: 2...d6: Lines with Qxd4} g6 {[%emt 0:01:29]} 8. Nc3 {[%emt 0:00:09]} Bg7 {[%emt 0:00:06]} 9. O-O {[%emt 0:00:05]} O-O {[%emt 0:00:14]} 10. h3 {[%emt 0:00:04]} a6 {[%emt 0:00:37]} (10... Rc8 11. Be3 Nb4 12. Qe2 a6 13. Bxd7 Nxd7 14. Rac1 Bxc3 15. Rxc3 Nxa2 {½-½ (28) Malakhov,V (2691)-Safarli,E (2657) Brest 2018}) 11. Bxc6 {[%emt 0:00:59]} Bxc6 {[%emt 0:00:08]} 12. Nd4 {[%emt 0:00:41]} Rb8 {[%emt 0:21:22]} 13. Be3 {[%emt 0:04:15] [#]} Qa5 $146 {[%emt 0:12:48]} ({Predecessor:} 13... Nd7 14. Rfd1 Nc5 15. Qc2 Bd7 16. Rac1 Rc8 17. Qe2 Qe8 18. Nb3 Na4 19. Nxa4 Bxa4 20. Bd4 {1-0 (70) Bojkovic,N (2378)-Hou,Y (2578) Rogaska Slatina 2011}) 14. Rab1 {[%emt 0:21:35]} Rfc8 {[%emt 0:09:21]} 15. b4 {[%emt 0:02:29]} Qc7 {[%emt 0:00:29]} 16. Rfc1 {[%emt 0:01:29]} Be8 {[%emt 0:05:41]} 17. Nd5 {[%emt 0:03:29]} Nxd5 {[%emt 0:02:58]} 18. exd5 {[%emt 0:00:08]} Qd7 {[%emt 0:01:35]} 19. Qe4 {[%emt 0:02:35]} Rc7 {[%emt 0:06:35]} 20. b5 {[%emt 0:22:24]} Rbc8 {[%emt 0:11:46]} 21. bxa6 {[%emt 0:01:45]} bxa6 {[%emt 0:00:01]} 22. Nc6 {[%emt 0:00:13]} e5 {[%emt 0:02:41]} 23. f4 {[%emt 0:00:31]} f5 {[%emt 0:00:49]} 24. Qc2 {[%emt 0:00:05]} Qf7 {[%emt 0:02:10]} 25. fxe5 {[%emt 0:00:51]} dxe5 {[%emt 0:08:12]} 26. Bb6 {[%emt 0:01:19]} Rxc6 {[%emt 0:00:10]} 27. dxc6 {[%emt 0:00:13]} Bxc6 {[%emt 0:00:01]} 28. Qd2 {[%emt 0:04:09]} Be4 {[%emt 0:02:09]} 29. Rb3 {[%emt 0:00:05]} Rxc4 {[%emt 0:01:13]} 30. Rxc4 {[%emt 0:08:52]} Qxc4 {[%emt 0:00:01]} 31. Rc3 {[%emt 0:03:01]} Qd5 $14 {[%emt 0:00:02]} 32. Rc8+ {[%emt 0:04:24]} Kf7 {[%emt 0:00:01]} 33. Rc7+ {[%emt 0:00:07]} Kg8 {[%emt 0:00:19]} 34. Qg5 {[%emt 0:01:33]} Qd6 {[%emt 0:05:55]} 35. Rc8+ {[%emt 0:00:20]} Kf7 {[%emt 0:00:04]} 36. Bc5 {[%emt 0:00:33]} Qd7 {[%emt 0:00:30]} 37. Rd8 {[%emt 0:05:34]} Qc7 {[%emt 0:00:09]} 38. Bd6 {[%emt 0:01:41]} Qb7 {[%emt 0:03:35]} 39. Rb8 {[%emt 0:04:32]} Qd7 {[%emt 0:00:31]} 40. Rb6 {[%emt 0:02:15]} Bc6 {[%emt 0:03:51]} 41. Qc1 {[%emt 0:05:59]} Bb5 {[%emt 0:03:04]} 42. Qc5 {[%emt 0:01:53]} h5 {[%emt 0:13:16]} 43. Bxe5 {[%emt 0:12:16]} h4 {[%emt 0:05:25]} 44. Bxg7 {[%emt 0:02:53]} Kxg7 {[%emt 0:00:02]} 45. Qe5+ {[%emt 0:00:14]} Kh6 {[%emt 0:01:44]} 46. Qf6 {[%emt 0:00:26]} Qd1+ {[%emt 0:01:03]} 47. Kh2 {[%emt 0:00:06]} Qh5 {[%emt 0:00:48]} 48. Rb8 {[%emt 0:00:11]} Qg5 {[%emt 0:00:20]} 49. Rh8# {[%emt 0:00:07]} 1-0

[Event "10th LCC FIDE Open 2018"]
[Site "London"]
[Date "2018.12.15"]
[Round "7"]
[White "Sowray, Peter J"]
[Black "Stone, Andrew M"]
[Result "1/2-1/2"]
[WhiteElo "2342"]
[BlackElo "2157"]
[Annotator "NA"]
[PlyCount "75"]
[EventDate "2018.12.09"]
[EventType "swiss"]
[EventCountry "ENG"]
[SourceTitle "playchess.com"]
[Source "ChessBase"]
[SourceQuality "1"]
[TimeControl "40/5400+30:1800+30"]

1. d4 {[%emt 0:00:00]} d5 {[%emt 0:00:00]} 2. c4 {[%emt 0:00:00]} e6 {[%emt 0:00:00]} 3. Nc3 {[%emt 0:00:00]} Bb4 {[%emt 0:00:00]} 4. a3 {[%emt 0:00:00]} Bxc3+ {[%emt 0:00:48]} 5. bxc3 {[%emt 0:00:00]} c6 {[%emt 0:00:44] LiveBook: 10 Games} 6. e3 {[%emt 0:03:24]} Nf6 {[%emt 0:00:55]} 7. Nf3 {[%emt 0:05:47]} O-O {[%emt 0:01:18]} 8. Bd3 {[%emt 0:01:07] E51: Nimzo-Indian: Rubinstein: 4...0-0 5 Nf3 d5} b6 {[%emt 0:01:30]} 9. Ne5 $146 {[%emt 0:06:05]} ({Predecessor:} 9. cxd5 cxd5 10. Qe2 Nc6 11. O-O Na5 12. a4 Re8 13. Ne5 Ne4 14. f3 Nd6 15. Ba3 Bb7 16. Bxd6 Qxd6 {1-0 (28) Ivanchuk,V (2769)-Wang,H (2726) Istanbul 2012}) 9... Nfd7 {[%emt 0:10:00]} 10. f4 {[%emt 0:07:48]} Nxe5 {[%emt 0:03:23]} 11. fxe5 {[%emt 0:00:07]} Qh4+ {[%emt 0:02:09]} 12. g3 {[%emt 0:00:51]} Qh3 {[%emt 0:01:03]} 13. Ra2 {[%emt 0:01:53]} Ba6 {[%emt 0:07:03]} 14. Bf1 {[%emt 0:07:54]} Qf5 {[%emt 0:02:15]} 15. cxd5 {[%emt 0:01:58]} cxd5 {[%emt 0:05:50]} 16. Bxa6 {[%emt 0:01:04]} Nxa6 {[%emt 0:00:15]} 17. Rf2 {[%emt 0:01:27]} Qg6 {[%emt 0:11:10]} 18. O-O {[%emt 0:03:38]} Rac8 {[%emt 0:10:12]} 19. Qe2 {[%emt 0:11:39]} Nb8 {[%emt 0:03:34]} 20. Bd2 {[%emt 0:03:27]} f6 {[%emt 0:08:43]} 21. exf6 {[%emt 0:04:47]} Rxf6 {[%emt 0:00:17]} 22. e4 {[%emt 0:02:16]} Rxf2 {[%emt 0:04:01]} 23. Rxf2 {[%emt 0:02:00]} Qxe4 {[%emt 0:02:20]} 24. Qxe4 {[%emt 0:03:58]} dxe4 {[%emt 0:00:05]} 25. Re2 {[%emt 0:01:13]} Nd7 {[%emt 0:01:23]} 26. Rxe4 {[%emt 0:00:12]} Kf7 {[%emt 0:00:25]} 27. Kf1 {[%emt 0:01:14]} Nf6 {[%emt 0:01:29]} 28. Rf4 {[%emt 0:01:39]} Rc4 {[%emt 0:06:35]} 29. Ke2 {[%emt 0:00:47]} b5 {[%emt 0:02:58]} 30. Kd3 {[%emt 0:01:07]} Ra4 {[%emt 0:01:44]} 31. Bc1 {[%emt 0:00:55]} Rc4 {[%emt 0:00:22]} 32. Rf3 {[%emt 0:02:44]} h6 {[%emt 0:01:08]} 33. g4 {[%emt 0:02:02]} Kg6 {[%emt 0:07:51]} 34. h3 {[%emt 0:00:52]} a6 $11 {[%emt 0:00:37]} 35. Bd2 {[%emt 0:03:24]} Ra4 {[%emt 0:00:39]} 36. Bc1 {[%emt 0:00:07]} Rc4 {[%emt 0:00:07]} 37. Bd2 {[%emt 0:01:08]} Ra4 {[%emt 0:00:02]} 38. Bc1 {[%emt 0:00:40]} 1/2-1/2

[Event "10th LCC FIDE Open 2018"]
[Site "London"]
[Date "2018.12.15"]
[Round "7"]
[White "Taylor, Adam C"]
[Black "Burrows, Martin P"]
[Result "1-0"]
[WhiteElo "2331"]
[BlackElo "2134"]
[Annotator "NA"]
[PlyCount "77"]
[EventDate "2018.12.09"]
[EventType "swiss"]
[EventCountry "ENG"]
[SourceTitle "playchess.com"]
[Source "ChessBase"]
[SourceQuality "1"]
[TimeControl "40/5400+30:1800+30"]

1. g3 {[%emt 0:00:14]} e5 {[%emt 0:00:25]} 2. c4 {[%emt 0:00:07]} Nc6 {[%emt 0:00:24]} 3. Nc3 {[%emt 0:00:08]} f5 {[%emt 0:00:46]} 4. Nf3 {[%emt 0:00:06]} Nf6 {[%emt 0:04:34] A27: English Opening: Three Knights Variation} (4... d6 5. d4 e4 6. d5 Ne5 7. Nxe5 dxe5 8. g4 g6 9. gxf5 gxf5 10. Rg1 Nf6 11. Bg5 Be7 12. e3 Rg8 {1-0 (27) Aronian,L (2793)-Ivanchuk,V (2738) Leuven 2017}) 5. d4 {[%emt 0:00:07]} e4 {[%emt 0:04:24]} 6. Nh4 {[%emt 0:00:05]} d5 {[%emt 0:01:00]} 7. Bg5 {[%emt 0:00:45]} Be7 {[%emt 0:04:36]} 8. Ng2 {[%emt 0:09:22]} dxc4 {[%emt 0:04:13]} 9. e3 {[%emt 0:00:05]} Be6 {[%emt 0:02:02]} 10. Nf4 {[%emt 0:01:04]} Bf7 {[%emt 0:00:52]} 11. Qa4 {[%emt 0:01:12]} O-O {[%emt 0:05:10]} 12. Bxc4 {[%emt 0:00:42]} Qc8 $146 {[%emt 0:07:48]} 13. Rc1 {[%emt 0:06:48]} h6 {[%emt 0:04:48]} 14. Bxf6 {[%emt 0:07:27]} Bxf6 {[%emt 0:00:14]} 15. Ncd5 {[%emt 0:05:14]} Bd8 {[%emt 0:01:53]} (15... Qd8 $16 {keeps fighting.}) 16. Ng6 {[%emt 0:00:25]} Re8 {[%emt 0:00:51]} 17. Ndf4 {[%emt 0:00:29]} Qd7 {[%emt 0:08:56]} 18. Bxf7+ {[%emt 0:05:32]} Qxf7 {[%emt 0:00:18]} 19. Rxc6 {[%emt 0:00:06]} (19. Qb5 $18 {and White stays clearly on top.} Bg5 20. Qxb7 Bxf4 21. Nxf4) 19... bxc6 {[%emt 0:01:00]} 20. Ne5 {[%emt 0:00:05]} Qf6 {[%emt 0:05:56]} 21. O-O {[%emt 0:10:54]} Be7 {[%emt 0:00:47]} 22. Rc1 {[%emt 0:07:49]} Bd6 {[%emt 0:00:54]} 23. Rxc6 {[%emt 0:00:37]} Kh7 {[%emt 0:03:31]} 24. Qc4 {[%emt 0:06:21]} Qf8 {[%emt 0:13:53]} 25. Qd5 {[%emt 0:20:00]} Bxe5 {[%emt 0:08:24]} 26. dxe5 {[%emt 0:00:04]} Rad8 {[%emt 0:01:11]} 27. Qa5 {[%emt 0:00:05]} Qe7 {[%emt 0:02:21]} 28. e6 {[%emt 0:03:19]} Rd1+ {[%emt 0:02:27]} 29. Kg2 {[%emt 0:00:01]} Qf6 {[%emt 0:00:10]} 30. Rxc7 {[%emt 0:01:29]} Qxb2 {[%emt 0:01:54]} 31. Qxf5+ {[%emt 0:00:41]} Kh8 {[%emt 0:02:53]} 32. Ng6+ {[%emt 0:00:28]} Kg8 {[%emt 0:00:07]} 33. Qf7+ {[%emt 0:01:30]} Kh7 {[%emt 0:00:03]} 34. Qxe8 {[%emt 0:01:17]} Qa1 {[%emt 0:03:31]} 35. e7 {[%emt 0:03:08]} Rg1+ {[%emt 0:04:18]} 36. Kh3 {[%emt 0:00:01]} Qf1+ {[%emt 0:00:44]} 37. Kh4 {[%emt 0:00:13]} Rh1 {[%emt 0:00:40]} 38. Qh8+ {[%emt 0:00:12]} Kxg6 {[%emt 0:00:07]} 39. e8=Q+ {[%emt 0:00:10]} 1-0

[Event "10th LCC FIDE Open 2018"]
[Site "London"]
[Date "2018.12.15"]
[Round "7"]
[White "Derakhshani, Borna"]
[Black "Sperling, Lennart"]
[Result "0-1"]
[WhiteElo "2325"]
[BlackElo "2116"]
[Annotator "NA"]
[PlyCount "104"]
[EventDate "2018.12.09"]
[EventType "swiss"]
[EventCountry "ENG"]
[SourceTitle "playchess.com"]
[Source "ChessBase"]
[SourceQuality "1"]
[TimeControl "40/5400+30:1800+30"]

1. Nf3 {[%emt 0:12:47]} Nf6 {[%emt 0:00:00]} 2. c4 {[%emt 0:00:45]} c6 {[%emt 0:00:00]} 3. Nc3 {[%emt 0:02:35]} d5 {[%emt 0:00:00]} 4. e3 {[%emt 0:00:04]} e6 {[%emt 0:00:13]} 5. b3 {[%emt 0:01:30]} Nbd7 {[%emt 0:01:13]} 6. Bb2 {[%emt 0:01:12]} Bd6 {[%emt 0:01:55]} 7. d4 {[%emt 0:00:59] A11: English Opening: 1...c6} Qe7 {[%emt 0:02:26]} 8. Qc2 {[%emt 0:05:13]} b6 {[%emt 0:03:17]} 9. Bd3 {[%emt 0:01:34]} Bb7 {[%emt 0:00:16]} 10. O-O {[%emt 0:03:48]} O-O {[%emt 0:01:11]} 11. Rfe1 {[%emt 0:02:44]} Rac8 {[%emt 0:08:11]} 12. a4 $146 {[%emt 0:12:24]} ({Predecessor:} 12. e4 dxc4 13. Bxc4 e5 14. Rad1 Rcd8 15. g3 b5 16. Bf1 a6 17. a4 Rfe8 18. Bg2 {1-0 (58) Khismatullin,D (2638)-Andriasian,Z (2604) St Petersburg 2012}) 12... Bb4 {[%emt 0:06:36]} 13. Re2 {[%emt 0:12:21]} c5 {[%emt 0:04:14]} 14. Na2 {[%emt 0:01:25]} Ba5 {[%emt 0:03:11]} 15. Ne5 {[%emt 0:01:56]} h6 {[%emt 0:05:33]} 16. Ba3 {[%emt 0:05:48]} Rfd8 {[%emt 0:00:59]} 17. f4 {[%emt 0:04:01]} Ne4 {[%emt 0:09:44]} 18. Qb2 {[%emt 0:08:40]} Bb4 {[%emt 0:02:26]} 19. Rd1 {[%emt 0:05:09]} Bxa3 {[%emt 0:06:51]} 20. Qxa3 {[%emt 0:00:01]} Ndf6 {[%emt 0:07:19]} 21. a5 {[%emt 0:06:03]} Qc7 {[%emt 0:04:31]} 22. cxd5 {[%emt 0:00:57]} Bxd5 {[%emt 0:07:33]} 23. Rc1 {[%emt 0:00:30]} Qb8 {[%emt 0:01:29]} 24. Ba6 {[%emt 0:02:29]} Bb7 {[%emt 0:00:22]} 25. Bxb7 {[%emt 0:00:23]} Qxb7 {[%emt 0:00:05]} 26. a6 {[%emt 0:01:06]} Qa8 {[%emt 0:04:53]} 27. Rec2 {[%emt 0:00:42]} Nd5 {[%emt 0:00:35]} 28. dxc5 {[%emt 0:02:00]} Rxc5 $17 {[%emt 0:01:45]} ({Resist} 28... bxc5 29. Re1 $17) ({Don't do} 28... Nxc5 29. b4 $15) (28... Nxe3 29. Re2) 29. Rxc5 {[%emt 0:00:10]} Nxc5 {[%emt 0:00:20]} 30. b4 {[%emt 0:00:43]} Ne4 {[%emt 0:00:59]} 31. Nc6 {[%emt 0:01:01]} Nxf4 {[%emt 0:07:41]} 32. Nxd8 {[%emt 0:01:12]} Ne2+ {[%emt 0:00:13]} 33. Kf1 {[%emt 0:00:02]} Nxc1 {[%emt 0:00:17]} 34. Nxc1 {[%emt 0:01:34]} Qxd8 {[%emt 0:00:06]} 35. Nd3 {[%emt 0:00:10]} Qd5 {[%emt 0:01:34]} 36. Ke1 {[%emt 0:01:48]} Qc4 {[%emt 0:04:11]} 37. Ne5 {[%emt 0:00:50]} Qc2 {[%emt 0:00:57]} 38. Qd3 {[%emt 0:00:01]} Qf2+ {[%emt 0:01:14]} 39. Kd1 {[%emt 0:00:01]} Qxg2 {[%emt 0:00:13]} 40. Qd8+ {[%emt 0:02:01]} Kh7 {[%emt 0:00:02]} 41. Qd4 {[%emt 0:30:05]} f6 {[%emt 0:07:23]} 42. Nd7 {[%emt 0:00:00]} e5 {[%emt 0:07:47]} 43. Nf8+ {[%emt 0:00:00]} Kg8 {[%emt 0:00:30]} 44. Qd8 {[%emt 0:00:00]} Qf1+ {[%emt 0:02:30]} 45. Kc2 {[%emt 0:00:00]} Qc4+ {[%emt 0:01:10]} 46. Kd1 {[%emt 0:00:00]} Qd3+ {[%emt 0:03:29]} 47. Qxd3 {[%emt 0:00:00]} Nf2+ {[%emt 0:00:04]} 48. Ke2 {[%emt 0:00:00]} Nxd3 {[%emt 0:00:02]} 49. Nd7 {[%emt 0:00:00]} Nxb4 {[%emt 0:00:07]} 50. Nxb6 {[%emt 0:00:00]} Nxa6 {[%emt 0:00:13]} 51. Nc8 {[%emt 0:00:00]} Nc5 {[%emt 0:00:39]} 52. Nxa7 {[%emt 0:00:00]} Kf7 {[%emt 0:00:15]} 0-1

[Event "10th LCC FIDE Open 2018"]
[Site "London"]
[Date "2018.12.15"]
[Round "7"]
[White "Fischer, Daniel"]
[Black "Head, Louise"]
[Result "1-0"]
[WhiteElo "2324"]
[BlackElo "2079"]
[Annotator "NA"]
[PlyCount "119"]
[EventDate "2018.12.09"]
[EventType "swiss"]
[EventCountry "ENG"]
[SourceTitle "playchess.com"]
[Source "ChessBase"]
[SourceQuality "1"]
[TimeControl "40/5400+30:1800+30"]

1. e4 {[%emt 0:00:00]} c6 {[%emt 0:00:44]} 2. d4 {[%emt 0:00:00]} d5 {[%emt 0:00:05]} 3. Nc3 {[%emt 0:00:00]} dxe4 {[%emt 0:00:09]} 4. Nxe4 {[%emt 0:00:00]} Nd7 {[%emt 0:00:19]} 5. Ng5 {[%emt 0:00:25] LiveBook: 2114 Games} Ngf6 {[%emt 0:00:31]} 6. Bd3 {[%emt 0:00:19]} g6 {[%emt 0:01:38]} 7. N1f3 {[%emt 0:01:29]} Bg7 {[%emt 0:01:34]} 8. O-O {[%emt 0:01:23] B17: Caro-Kann: Modern Line (4...Nd7)} (8. h3 O-O 9. O-O c5 10. c3 cxd4 11. Nxd4 e5 12. Nb5 a6 13. Nd6 Nb6 14. Ndxf7 Rxf7 15. Bc4 Nbd5 16. Nxf7 Kxf7 {1-0 (87) Leko,P (2730)-Wang,H (2735) Beijing 2013}) 8... O-O {[%emt 0:00:23]} 9. c3 {[%emt 0:00:31]} e6 {[%emt 0:06:50]} 10. Re1 {[%emt 0:06:35]} c5 $146 {[%emt 0:07:33]} ({Predecessor:} 10... Re8 11. Bf4 c5 12. Nxf7 Kxf7 13. Ng5+ Kg8 14. Nxe6 Rxe6 15. Rxe6 Kh8 {1-0 (39) Brito,L (2246)-Rodrigues da Silva,E (2179) Cabo Branco 2015}) 11. Qc2 {[%emt 0:10:32]} cxd4 {[%emt 0:06:08]} 12. Nxd4 {[%emt 0:00:30]} Nc5 {[%emt 0:04:16]} 13. Bc4 {[%emt 0:02:44]} Nd5 {[%emt 0:12:04]} 14. Ngf3 {[%emt 0:14:26]} Nb6 {[%emt 0:12:15]} 15. Bf1 {[%emt 0:04:04]} a6 {[%emt 0:00:59]} 16. a4 {[%emt 0:09:54]} Qc7 {[%emt 0:03:10]} 17. b4 {[%emt 0:09:17]} Ncd7 {[%emt 0:02:51]} 18. Bg5 {[%emt 0:05:34]} Nd5 {[%emt 0:03:55]} 19. Rac1 {[%emt 0:00:51]} Ne5 {[%emt 0:06:32]} 20. Qb3 {[%emt 0:03:10]} Nxf3+ {[%emt 0:03:10]} 21. Nxf3 {[%emt 0:00:06]} a5 {[%emt 0:03:33]} 22. b5 {[%emt 0:05:42]} b6 {[%emt 0:03:14]} 23. c4 {[%emt 0:00:46]} Nf6 {[%emt 0:01:56]} 24. c5 {[%emt 0:07:18]} bxc5 {[%emt 0:02:19]} 25. Qe3 {[%emt 0:01:14]} Nd5 {[%emt 0:02:54]} 26. Rxc5 {[%emt 0:05:43]} Qd6 {[%emt 0:02:13]} 27. Qc1 {[%emt 0:01:18]} Bb7 $11 {[%emt 0:00:42]} 28. Nd2 {[%emt 0:05:09]} Nb6 {[%emt 0:01:46]} 29. Qc2 {[%emt 0:04:34]} Nxa4 {[%emt 0:00:47]} 30. Rc7 {[%emt 0:00:08]} Bd5 {[%emt 0:00:16]} 31. Be7 {[%emt 0:00:13]} Qb6 {[%emt 0:01:02]} 32. Bxf8 {[%emt 0:00:16]} Bxf8 {[%emt 0:00:14]} 33. Rc8 {[%emt 0:00:50]} Rxc8 {[%emt 0:06:02]} 34. Qxc8 {[%emt 0:00:01]} Nc5 {[%emt 0:00:13]} 35. Rb1 {[%emt 0:01:03]} Bb7 {[%emt 0:01:34]} 36. Qb8 {[%emt 0:00:36]} Nd7 {[%emt 0:00:57]} 37. Qe8 {[%emt 0:00:45]} Qd6 {[%emt 0:01:52]} 38. Nc4 {[%emt 0:00:17]} Qd5 {[%emt 0:01:27]} 39. Ne3 {[%emt 0:00:30]} Qe4 {[%emt 0:00:28]} 40. Qxd7 {[%emt 0:00:29]} Qxb1 {[%emt 0:00:10]} 41. Qxb7 {[%emt 0:30:05]} a4 {[%emt 0:02:43]} 42. Qa6 {[%emt 0:00:00]} a3 {[%emt 0:00:57]} 43. b6 {[%emt 0:00:00]} a2 {[%emt 0:03:13]} 44. b7 {[%emt 0:00:00]} Bd6 {[%emt 0:04:20]} 45. Qxd6 {[%emt 0:00:00]} Qxb7 {[%emt 0:00:51]} 46. Qd8+ {[%emt 0:00:00]} Kg7 {[%emt 0:00:06]} 47. Qd4+ {[%emt 0:00:00]} e5 {[%emt 0:00:17]} 48. Qxe5+ {[%emt 0:00:00]} f6 {[%emt 0:00:05]} 49. Qc3 {[%emt 0:00:00]} Qb1 {[%emt 0:00:59]} 50. Nc2 {[%emt 0:00:00]} Qxc2 {[%emt 0:01:15]} 51. Qxc2 {[%emt 0:00:00]} a1=Q {[%emt 0:00:07]} 52. Qc6 {[%emt 0:00:00]} Qa7 {[%emt 0:00:32]} 53. g3 {[%emt 0:00:00]} Qe7 {[%emt 0:00:09]} 54. Bc4 {[%emt 0:00:00]} g5 {[%emt 0:01:10]} 55. Qe6 {[%emt 0:00:00]} Qf8 {[%emt 0:01:55]} 56. Qd7+ {[%emt 0:00:00]} Kh6 {[%emt 0:00:18]} 57. Bd3 {[%emt 0:00:00]} Qh8 {[%emt 0:02:11]} 58. Qf7 {[%emt 0:00:00]} g4 {[%emt 0:00:32]} 59. Be4 {[%emt 0:00:00]} Kg5 {[%emt 0:02:17]} 60. Bxh7 {[%emt 0:00:00]} 1-0